00835nam a22002297a 450000500170000001000130001702000110003003500130004103700160005404000120007008200130008211000600009524500780015526000850023327000400031830000200035865000300037865000360040894200220044499900190046695201200048520170124110253.0 aA-609195 c150.00 aA-609195 bCen Lib/Ret aDPLbEN a080bIND bIndia. Ministry of Information an Broadcasting 9100085 aSelected speeches and writtings :bV.P. Singh (Prime Minister, 1989-90) / aNew Delhi c1993bPublication Division, Ministry of Information an Broadcasting  bNew Delhi apatiyala house e110001 a329p.c21cm(Hb) aNational affairs 9100086 aSpeeches of V.P. Singh 9100087 2ddccENh080mIND c136013d136013 00104070aLbLd2015-10-12eCen Lib/Retg0.00l0o080 INDpA-609195r2015-10-12 00:00:00t1v0.00w2015-10-12yEN